| 000 | 00991ngm a22003250a 4500 | ||
|---|---|---|---|
| 001 | PT16552 | ||
| 003 | AR-LpoUNG | ||
| 005 | 20210202000214.0 | ||
| 007 | vd cvaizq | ||
| 008 | 191001s2001||||ag |||||||||||||||||spa d | ||
| 037 | _c$8.30 | ||
| 040 |
_aAR-LpoUNG _bspa _cAR-LpoUNG _eaacr |
||
| 041 | _aspa | ||
| 044 | _aag | ||
| 082 | 0 | _a909 532v23 | |
| 245 | 1 | 3 |
_aEl nuevo orden público : _bel fin del siglo XIX |
| 260 |
_aBuenos Aires : _bKalender Video Argentina, _c2001. |
||
| 300 | _aVHS (56 min.) : son., byn, col. | ||
| 520 | _aEn todos los países de Europa, excepto Rusia, el período concluye con la transformación de los gobiernos más o menos autocráticos en constitucionales. | ||
| 650 | 4 | _aAUTORITARISMO | |
| 650 | 4 | _aDESARROLLO POLITICO | |
| 650 | 4 | _aESTADO | |
| 650 | 4 | _aEUROPA | |
| 650 | 4 | _aSISTEMAS POLITICOS | |
| 653 | _aVIDEOS | ||
| 653 | _aVIDEOS DIDACTICOS | ||
| 710 | 2 | _aMetropolitan Museum of Art (New York) | |
| 905 | _a16552 | ||
| 942 | _cVIDEO | ||
| 999 |
_c54335 _d54335 |
||